Modelom riadená kompozícia služieb

Na minha lista:
Detalhes bibliográficos
Autor principal: Korenek, Peter, 1988- (Author)
Outros Autores: Mederly, Pavol, 1974- (Thesis advisor)
Formato: Manuscrito Livro
Idioma:eslovaco
Publicado em: Bratislava : STU v Bratislave FIIT, 2010
Assuntos:
Acesso em linha:VAIS
Tags: Adicionar Tag
Sem tags, seja o primeiro a adicionar uma tag!

MARC

LEADER 00000ntm a22000003a 4500
001 stu219195
005 20150617230116.7
008 101210s2010----xo------------------slo-d
040 |a STU  |b slo 
041 0 |a slo 
044 |a xo 
100 1 |a Korenek, Peter,  |d 1988-  |4 aut  |u I200  |U FIIT Fakulta informatiky a informačných technológií  |T FIIT Ústav informatiky a softvérového inžinierstva  |X 47847  |U I200  |Y 179  |7 A000047847 
242 0 0 |a Model Driven Service Composition  |y eng 
245 1 |a Modelom riadená kompozícia služieb 
260 |a Bratislava :  |b STU v Bratislave FIIT,  |c 2010 
300 |a 43 s  |c príl. 
650 7 |a informatika  |2 stusub 
650 7 |a Informatics  |2 estusub 
650 7 |a integration  |2 estusub 
650 7 |a služby  |2 stusub 
650 7 |a integrácia  |2 stusub 
700 1 |a Mederly, Pavol,  |d 1974-  |4 ths  |u I200  |U FIIT Fakulta informatiky a informačných technológií  |T FIIT Ústav informatiky a softvérového inžinierstva  |X 54689  |U I200  |Y 179  |7 A000054689 
856 4 |a info a plný text  |u http://is.stuba.sk/zp/portal_zp.pl?podrobnosti=46505  |3 VAIS 
996 |c I*BAP75/10  |l II680  |s P  |a 0  |w stu219195_0001